Basic electronics / (Record no. 344097)
[ view plain ]
| 000 -LEADER | |
|---|---|
| fixed length control field | 01172 a2200193 4500 |
| 020 ## - INTERNATIONAL STANDARD BOOK NUMBER | |
| International Standard Book Number | 0070249288 |
| 020 ## - INTERNATIONAL STANDARD BOOK NUMBER | |
| International Standard Book Number | 9780070249288 |
| 090 ## - LOCALLY ASSIGNED LC-TYPE CALL NUMBER (OCLC); LOCAL CALL NUMBER (RLIN) | |
| -- | 1579 |
| -- | 1579 |
| 100 1# - MAIN ENTRY--PERSONAL NAME | |
| Personal name | Grob, Bernard. |
| 245 10 - TITLE STATEMENT | |
| Title | Basic electronics / |
| Statement of responsibility, etc. | Bernard Grob. |
| 250 ## - EDITION STATEMENT | |
| Edition statement | 5th ed. |
| 260 ## - PUBLICATION, DISTRIBUTION, ETC. | |
| Place of publication, distribution, etc. | [S.l.] : |
| Name of publisher, distributor, etc. | McGraw-Hill Companies, |
| Date of publication, distribution, etc. | 1984. |
| 300 ## - PHYSICAL DESCRIPTION | |
| Extent | 737 p. ; |
| Dimensions | 26 cm. |
| 500 ## - GENERAL NOTE | |
| General note | Hardcover. |
| 520 ## - SUMMARY, ETC. | |
| Summary, etc. | The new edition of Grob: Basic Electronics has been completely revised with a new look and new information to keep students at the forefront of basic electronics education. It includes new problems and questions at the end of each chapter, sidebar features throughout the text, and a critical thinking component. The new full-color design makes it easy for students to read circuit diagrams and other important visuals. HyperGraphics, an interactive multimedia program designed to correlate with Glencoe electronics texts, is available for Grob: Basic Electronics. |
| 856 40 - ELECTRONIC LOCATION AND ACCESS | |
| Materials specified | Amazon.com |
| Uniform Resource Identifier | <a href="http://www.amazon.com/exec/obidos/ASIN/0070249288/chopaconline-20">http://www.amazon.com/exec/obidos/ASIN/0070249288/chopaconline-20</a> |
| 856 40 - ELECTRONIC LOCATION AND ACCESS | |
| Materials specified | Amazon customer reviews |
| Uniform Resource Identifier | <a href="http://www.chopac.org/cgi-bin/tools/azrev.pl?q=0070249288">http://www.chopac.org/cgi-bin/tools/azrev.pl?q=0070249288</a> |
| 942 ## - ADDED ENTRY ELEMENTS (KOHA) | |
| Institution code [OBSOLETE] | NBS |
| Koha item type | Book |
| Call number prefix | 537.5 GRO |
| Withdrawn status | Lost status | Damaged status | Not for loan | Permanent Location | Current Location | Date acquired | Total Checkouts | Total Renewals | Full call number | Barcode | Checked out | Date last seen | Date last checked out | Price effective from | Koha item type |
|---|---|---|---|---|---|---|---|---|---|---|---|---|---|---|---|
| Central Library (CL) | Central Library (CL) | 08/28/2013 | 1 | 3 | 537.5 GRO | NBS4596 | 06/10/2020 | 02/28/2020 | 02/28/2020 | 08/28/2013 | Book |
